000 00414nam a2200169 a 4500
001 0486
005 20140414131912.0
008 040117s19uu xx 00 eng d
020 _a0-7214-1876-0
050 _aER
_bC67 1997
100 _aClark, Lesley
245 _aColours and shapes /
_cLesley Clark.
260 _aU.K :
_bLadybird,
_c1997.
300 _ap. ; cm.
440 _aFirst steps
999 _c111264
_d111264